00690cam a22002414a 450000100090000000300040000900500170001300800410003001000170007102000280008804000180011604200080013404300120014205000210015408200170017510000210019224500290021326000480024230000270029050000200031765000340033785600770037113285061OSt20170206105455.0030722s2004 ctu 001 0beng  a 2003016561 a0300098944 (alk. paper) aDLCcDLCdDLC apcc an-us---00aNX504b.T43 200400a700/.9732221 aTeachout, Terry.12aA Terry Teachout reader. aNew Haven :bYale University Press,cc2004. axxvi, 438 p. ;c22 cm. aIncludes index. 0aArts, Americany20th century.413Table of contentsuhttp://www.loc.gov/catdir/toc/ecip047/2003016561.html